Programa de educación continua y servicios especiales /
Gardado en:
| Autor Principal: | |
|---|---|
| Formato: | Libro |
| Idioma: | Spanish |
| Publicado: |
San José, Costa Rica :
IIMEC,
2002
|
| Materias: | |
| Etiquetas: |
Engadir etiqueta
Sen Etiquetas, Sexa o primeiro en etiquetar este rexistro!
|
MARC
| LEADER | 00000nam a2200000Ia 4500 | ||
|---|---|---|---|
| 008 | 180417b2002 cr ||||| |||| 00| | spa d | ||
| 999 | |c 1714 |d 1714 | ||
| 090 | |a 06.03.04 |b 521 | ||
| 100 | 1 | |a Castro Bonilla, Julieta |9 1082 | |
| 245 | 1 | 0 | |a Programa de educación continua y servicios especiales / |c Julieta Castro Bonilla |
| 260 | |a San José, Costa Rica : |b IIMEC, |c 2002 | ||
| 300 | |a 210 páginas | ||
| 500 | |a Se cuenta con el informe final de los años 2002, 2003, 2004, 2005, 2006, 2008, 2009, 2010\Proyecto de Acción Social ED-831 | ||
| 650 | 1 | 4 | |a CALIDAD DE LA EDUCACIÓN |9 11 |
| 650 | 1 | 4 | |a CAPACITACIÓN |9 729 |
| 650 | 1 | 4 | |a DESARROLLO DE LA EDUCACIÓN |9 24 |
| 650 | 1 | 4 | |a DIDÁCTICA |9 997 |
| 650 | 1 | 4 | |a DISCIPLINA ESCOLAR |9 709 |
| 650 | 1 | 4 | |a DOCENCIA |9 1841 |
| 650 | 1 | 4 | |a DOCENTES |9 331 |
| 650 | 1 | 4 | |a EDUCACIÓN |9 1 |
| 650 | 1 | 4 | |a EDUCACIÓN PREESCOLAR |9 455 |
| 650 | 1 | 4 | |a ENSEÑANZA |9 14 |
| 942 | |i 00925,001758 ,002949 ,002007 ,002215 ,002216 ,001425 ,001426 ,003734 |h 06.03.04 521 |2 z |c 04 | ||
